000
00225nam a22000857a 4500
008
160915b xxu||||| |||| 00| 0 eng d
100
_9
530
_a
Raajput.R.
245
_a
Mathematics Lab-6
260
_a
New Delhi
_b
Amanda Publications
_c
2011
999
_c
3187
_d
3187